[Event "GER-chT U20"]
[Site "Braunschweig"]
[Date "2019.12.28"]
[Round "4.6"]
[White "Schubert, Bernhard"]
[Black "Weisheit, Erik"]
[Result "0-1"]
[WhiteElo "1586"]
[BlackElo "1944"]
[PlyCount "68"]
[EventDate "2019.12.27"]
[EventType "team-swiss"]
[EventRounds "7"]
[EventCountry "GER"]
[SourceTitle "CBM 194 Extra"]
[Source "ChessBase"]
[SourceDate "2020.03.31"]
[SourceVersion "1"]
[SourceVersionDate "2020.03.31"]
[SourceQuality "1"]
[WhiteTeam "Dresden TU"]
[BlackTeam "Augsburg"]
[WhiteTeamCountry "GER"]
[BlackTeamCountry "GER"]

1. d4 Nf6 2. c4 e5 3. dxe5 Ng4 4. Nf3 Bc5 5. e3 Nc6 6. Nc3 0-0 7. Be2 Re8 8. 0-0 a5 9. Nd4 Ngxe5 10. Nxc6 Nxc6 11. b3 Ne5 12. Bb2 Ra6 13. Ne4 Bf8 14. Ng3 d5 15. Qxd5 Rd6 16. Qxa5 b6 17. Qc3 Qh4 18. Nh5 Rh6 19. Qd4 Rxh5 20. Bxh5 Qxh5 21. Qd1 Qh6 22. Bxe5 Rxe5 23. Qf3 Rh5 24. Qf4 Qg6 25. Qg3 Rg5 26. Qf3 Bg4 27. Qg3 Be2 28. Qh3 Bxf1 29. Rxf1 h6 30. g3 Ra5 31. Qc8 Qd6 32. Qg4 Rxa2 33. Rd1 Rd2 34. Ra1 Rxf2 0-1

[Event "Eschborn op"]
[Site "Eschborn"]
[Date "2019.08.17"]
[Round "2.3"]
[White "Weisheit, Erik"]
[Black "Abel, Thomas"]
[Result "0-1"]
[WhiteElo "1923"]
[BlackElo "2266"]
[PlyCount "54"]
[EventDate "2019.08.16"]
[EventType "swiss"]
[EventRounds "5"]
[EventCountry "GER"]
[SourceTitle "EXT 2024"]
[Source "ChessBase"]
[SourceDate "2023.10.10"]
[SourceVersion "1"]
[SourceVersionDate "2023.10.10"]
[SourceQuality "1"]

1. e4 e6 2. d4 d5 3. exd5 exd5 4. Bd3 Bd6 5. Qf3 Nf6 6. h3 0-0 7. Ne2 Be6 8. 0-0 Re8 9. Bf4 c6 10. Bxd6 Qxd6 11. Nd2 Nbd7 12. c3 b5 13. b4 Nb6 14. Rfe1 a5 15. a3 Na4 16. Bc2 axb4 17. axb4 Nd7 18. Nb3 g6 19. Na5 Ndb6 20. Rec1 Re7 21. g4 Rae8 22. Bd1 Bd7 23. Nf4 Nb2 24. Bb3 Re4 25. Nd3 Bxg4 26. hxg4 Nxd3 27. Qxd3 Rxg4+ 0-1

[Event "Landesliga U20 Nord 1516"]
[Site "Bayern"]
[Date "2015.12.19"]
[Round "3.2"]
[White "Weisheit, Erik"]
[Black "Hoffmann, Sebastian1111"]
[Result "0-1"]
[WhiteElo "1588"]
[BlackElo "1885"]
[PlyCount "32"]
[EventDate "2015.11.21"]
[EventType "team-tourn"]
[EventRounds "7"]
[EventCountry "GER"]
[SourceTitle "EXT 2022"]
[Source "ChessBase"]
[SourceDate "2021.10.06"]
[SourceVersion "1"]
[SourceVersionDate "2021.10.06"]
[SourceQuality "1"]
[WhiteTeam "Augsburg SF U20"]
[BlackTeam "Nuernberg Noris Tarrasch U20"]
[WhiteTeamCountry "GER"]
[BlackTeamCountry "GER"]

1. e4 e5 2. Nf3 Nc6 3. d4 exd4 4. Bc4 Nf6 5. e5 d5 6. Bb5 Ne4 7. Nxd4 Bc5 8. 0-0 0-0 9. Nxc6 bxc6 10. Bxc6 Ba6 11. Nd2 Bxf1 12. Bxa8 Bxg2 13. Nxe4 Bxe4 14. Bc6 Qh4 15. Qe2 Qh3 16. Qf1 Qg4+ 0-1

[Event "Augsburg op"]
[Site "Augsburg"]
[Date "2013.12.29"]
[Round "6"]
[White "Weisheit, Erik"]
[Black "Knipfer, Peter"]
[Result "1-0"]
[WhiteElo "1264"]
[BlackElo "920"]
[PlyCount "47"]
[EventDate "2013.12.27"]
[EventType "swiss"]
[EventRounds "7"]
[EventCountry "GER"]
[SourceTitle "CBM 158 Extra"]
[Source "ChessBase"]
[SourceDate "2014.02.28"]
[SourceVersion "1"]
[SourceVersionDate "2014.02.28"]
[SourceQuality "1"]

1. d4 d5 2. e3 e6 3. Bd3 c5 4. c3 Nd7 5. f4 Ngf6 6. Nd2 b6 7. Ngf3 Bb7 8. 0-0 Bd6 9. Ne5 Ne4 10. Qf3 Nxd2 11. Bxd2 0-0 12. Nxd7 Qxd7 13. Qh5 h6 14. Rf3 f5 15. Rg3 Rf6 16. Rf1 Qe8 17. Qh4 Rg6 18. Rff3 Rxg3 19. Rxg3 Kh8 20. dxc5 bxc5 21. c4 Be7 22. Qh3 Qd8 23. cxd5 Qxd5 24. Bc3 1-0